| 000 | 01134naa a22003377a 4500 | ||
|---|---|---|---|
| 001 | BR7904811 | ||
| 003 | BR-BrBNA | ||
| 005 | 20250716090236.0 | ||
| 007 | ta | ||
| 008 | 250630b bl.|||m| |||| 00| 0 por d | ||
| 040 |
_aBR-BrBNA _bpor _cBiblioteca Nacional de Agricultura |
||
| 041 | _a(Pt) | ||
| 072 |
_aF00; F25 _b0336 _b3830 _bG514 _bGZ74 |
||
| 090 | _aF00 BR7904811 | ||
| 100 | 1 | _aMoraes, E.A. | |
| 100 | 1 | _aRolim, R.B. | |
| 100 | 1 | _aCosta, A.V. | |
| 100 | 1 | _aMonteiro, P.M.F. de O. | |
| 245 | 1 |
_aEstudo preliminar de sucessao de culturas em 4 niveis de fosforo, em solos de cerrado [Soja; Glycine max; Pratica cultural; Fertilizante fosfatado; Goais; Brasil] _bProjeto soja |
|
| 500 | _aRelatorio tecnico 1978 Goiania, GO (Brasil): 1979. p. 156-159 (BR7904811-AMS) | ||
| 650 | _aProducao vegetal | ||
| 650 | _aFertilizante fosfatado | ||
| 650 | _aSoja | ||
| 650 | _aPratica cultural | ||
| 650 | _aEfeito residual | ||
| 650 | _aCerrado | ||
| 650 | _aGoias | ||
| 490 | _aRelatorio Tecnico - Empresa Goiana de Pesquisa Agropecuaria (Brazil) | ||
| 942 |
_cAMS _2AGRIS |
||
| 909 |
_a202506 _bLúcia _c55 _dLúcia Elande |
||
| 999 |
_c333414 _d333414 |
||